[Event "ch-RUS Blitz 2017"]
[Site "Sochi RUS"]
[Date "2017.10.02"]
[Round "9.20"]
[White "Timofeev, Artyom"]
[Black "Gochelashvili, David"]
[Result "1-0"]
[WhiteTitle "GM"]
[BlackTitle "IM"]
[WhiteElo "2549"]
[BlackElo "2432"]
[WhiteFideId "4140419"]
[BlackFideId "4161203"]
[EventDate "2017.10.02"]
[EventType "blitz"]

1. e4 g6 2. d4 Bg7 3. Nc3 d5 4. Nxd5 c6 5. Ne3 Qxd4 6. Qxd4 Bxd4 7. c3 Bg7 8. f4
Nd7 9. Nf3 Nc5 10. e5 Nh6 11. Nd4 f6 12. exf6 exf6 13. Bc4 f5 14. O-O Bd7 15. h3
Nf7 16. Re1 Ne4 17. Ne6 Bxe6 18. Bxe6 Nfd6 19. Nc2 Ke7 20. Bb3 Rae8 21. Be3 b6
22. Rad1 Kd7 23. a4 Kc7 24. Nd4 Nc5 25. Bc2 Nc4 26. Bc1 Rxe1+ 27. Rxe1 Rd8 28.
Ne6+ Nxe6 29. Rxe6 Rd6 30. Re2 b5 31. axb5 cxb5 32. g4 fxg4 33. hxg4 a5 34. f5
gxf5 35. Bf4 Be5 36. Bxe5 Nxe5 37. Rxe5 fxg4 38. Rxb5 h5 39. Rxh5 Rb6 40. b3 Rc6
41. c4 a4 42. bxa4 Rxc4 43. Bb3 Rb4 44. Rb5 Rd4 45. Kg2 Rd3 46. Be6 Kc6 47. Bxg4
Rd4 48. Bf3+ Kc7 49. a5 Ra4 50. Kf2 Ra3 51. Ke2 Kd6 52. Be4 Kc7 53. Kd2 Kd6 54.
Kc2 Ra4 55. Bb7 Kc7 56. Kb3 Ra1 57. a6 Rb1+ 58. Kc4 Rc1+ 59. Kd4 Kb8 60. Be4+
Ka7 61. Bd3 Rc7 62. Rc5 Rd7+ 63. Rd5 Rc7 64. Ke5 Re7+ 65. Kd6 Re8 66. Kc6 Rc8+
67. Kd7 Rc3 68. Ke7 Rb3 69. Rd7+ Kb8 70. a7+ 1-0

[Event "ch-RUS Blitz 2017"]
[Site "Sochi RUS"]
[Date "2017.10.02"]
[Round "9.21"]
[White "Vastrukhin, Oleg"]
[Black "Rakhmanov, Aleksandr"]
[Result "0-1"]
[BlackTitle "GM"]
[WhiteElo "2386"]
[BlackElo "2669"]
[WhiteFideId "4192770"]
[BlackFideId "4173708"]
[EventDate "2017.10.02"]
[EventType "blitz"]

1. Nf3 Nf6 2. g3 g6 3. Bg2 Bg7 4. O-O O-O 5. c4 c6 6. Nc3 d6 7. d3 e5 8. Rb1 Re8
9. Bd2 d5 10. cxd5 cxd5 11. d4 e4 12. Ne5 Nbd7 13. Nxd7 Bxd7 14. Qb3 Bc6 15.
Rbc1 Ng4 16. e3 h5 17. h3 Nh6 18. Ne2 Nf5 19. Nf4 Bh6 20. Rc5 Bxf4 21. gxf4 Nh4
22. Kh2 Qd6 23. Rg1 Kh7 24. Bh1 Rac8 25. Rg5 b6 26. Rc1 Bb7 27. Rcg1 f6 28. R5g3
Qe6 29. Bc3 Rc7 30. Qd1 Qf5 31. Qa4 Bc6 32. Qa3 Bb5 33. Qb3 Be2 34. Qc2 Bf3 35.
Bxf3 Nxf3+ 36. Rxf3 exf3 37. Qb3 g5 38. Qd1 g4 39. Qa4 Rg8 40. Qa3 gxh3 41. Rxg8
Kxg8 42. Qd6 Rg7 43. Qb8+ Kh7 0-1

[Event "ch-RUS Blitz 2017"]
[Site "Sochi RUS"]
[Date "2017.10.02"]
[Round "9.22"]
[White "Derjabin, Ilja"]
[Black "Sarana, Alexey"]
[Result "1-0"]
[WhiteTitle "IM"]
[BlackTitle "GM"]
[WhiteElo "2360"]
[BlackElo "2541"]
[WhiteFideId "14104768"]
[BlackFideId "24133795"]
[EventDate "2017.10.02"]
[EventType "blitz"]

1. Nf3 d5 2. g3 Nf6 3. Bg2 g6 4. c4 d4 5. O-O Bg7 6. b4 c5 7. Bb2 O-O 8. d3 Nc6
9. b5 Nb8 10. Nbd2 Nbd7 11. a4 a5 12. bxa6 Rxa6 13. Nb3 e5 14. Nfd2 Qc7 15. Qc2
h5 16. Nb1 h4 17. Na3 hxg3 18. hxg3 e4 19. dxe4 Ne5 20. Nb5 Qe7 21. Ba3 b6 22.
N3xd4 Nfg4 23. Nf3 Nxf3+ 24. exf3 Bxa1 25. Rxa1 Ne5 26. Bb2 Nc6 27. f4 f6 28. e5
Bf5 29. Bd5+ Kh7 30. Qe2 Nb4 31. Bf3 fxe5 32. Bxe5 Nd3 33. Nc3 Nxe5 34. fxe5 Kg7
35. Nd5 Qg5 36. e6 Bxe6 37. Qxe6 Rxf3 38. Kg2 Rf7 39. a5 Rxa5 40. Rf1 Ra2 41.
Qxb6 Qf5 42. Qxc5 Qe4+ 43. Kg1 Rc2 44. Ne3 Re2 45. Qb6 Qe5 46. Ng4 Qc3 47. c5
Qf3 48. Qb4 Re4 49. Qb2+ Kh7 50. Ne5 Qf6 51. f4 Ra7 52. Qh2+ Kg8 53. Qg2 Qf5 54.
g4 Qxf4 55. Rxf4 Rxf4 56. Nxg6 Rfa4 57. Qd5+ Kg7 58. Nf4 Rxf4 59. Qe5+ Rf6 60.
g5 Rf7 61. gxf6+ Rxf6 62. c6 Kf7 63. Qxf6+ 1-0

[Event "ch-RUS Blitz 2017"]
[Site "Sochi RUS"]
[Date "2017.10.02"]
[Round "9.23"]
[White "Kobalia, Mikhail"]
[Black "Utnasunov, Alexander"]
[Result "1/2-1/2"]
[WhiteTitle "GM"]
[WhiteElo "2596"]
[BlackElo "2446"]
[WhiteFideId "4119150"]
[BlackFideId "4134524"]
[EventDate "2017.10.02"]
[EventType "blitz"]

1. e4 c5 2. Nf3 d6 3. Bb5+ Bd7 4. Bxd7+ Nxd7 5. O-O Ngf6 6. Re1 e6 7. c3 Be7 8.
d4 cxd4 9. cxd4 d5 10. e5 Ne4 11. Nbd2 Nxd2 12. Bxd2 O-O 13. Re3 Nb6 14. b3 a5
15. a4 Nc8 16. Qe1 b6 17. Rc1 Qd7 18. Rec3 b5 19. Rc7 Qe8 20. Bxa5 bxa4 21. b4
a3 22. Qc3 Na7 23. Qd3 Bd8 24. R7c5 Be7 25. Rc7 Bd8 26. Rb7 Nc6 27. Qxa3 Nxa5
28. bxa5 Bxa5 29. Qd3 h6 30. h3 Rc8 31. Rxc8 Qxc8 32. Rb1 Bd8 33. g3 Be7 34. Kg2
Qc7 35. Qa6 Rb8 36. Rxb8+ 1/2-1/2

[Event "ch-RUS Blitz 2017"]
[Site "Sochi RUS"]
[Date "2017.10.02"]
[Round "9.24"]
[White "Lugovskoy, Maxim"]
[Black "Zakaryan, David"]
[Result "1/2-1/2"]
[WhiteTitle "GM"]
[BlackTitle "FM"]
[WhiteElo "2474"]
[BlackElo "2293"]
[WhiteFideId "24126454"]
[BlackFideId "24101923"]
[EventDate "2017.10.02"]
[EventType "blitz"]

1. e4 c6 2. d4 d5 3. Nc3 dxe4 4. Nxe4 Bf5 5. Ng3 Bg6 6. Nh3 Nf6 7. Nf4 e5 8.
dxe5 Qa5+ 9. c3 Qxe5+ 10. Be2 Nbd7 11. Be3 Bc5 12. Nd3 Bxd3 13. Qxd3 Bxe3 14.
Qxe3 Qxe3 15. fxe3 g6 16. O-O O-O 17. Rad1 Kg7 18. b4 Ne5 19. h3 Nd5 20. Rc1
Nxe3 21. Rfe1 N3c4 22. Bxc4 Nxc4 23. Re7 Nd6 24. Rd1 Rfd8 25. Ne2 Kf8 26. Rc7 a5
27. a3 axb4 28. axb4 Nb5 29. Rxd8+ Rxd8 30. Rxb7 Rd2 31. Kf1 Rc2 32. Rb6 Nxc3
33. Rxc6 Rxe2 34. Rxc3 Rb2 35. Rc8+ Kg7 36. Rb8 h5 37. b5 Kf6 38. b6 Kf5 39. Kg1
f6 40. b7 g5 41. Kh2 Rb3 42. Kg1 Rb2 43. Kh2 Rb3 44. Kg1 Ke5 1/2-1/2

[Event "ch-RUS Blitz 2017"]
[Site "Sochi RUS"]
[Date "2017.10.02"]
[Round "9.25"]
[White "Oganian, Miran"]
[Black "Savitskiy, Sergey"]
[Result "0-1"]
[WhiteTitle "IM"]
[BlackTitle "IM"]
[WhiteElo "2454"]
[BlackElo "2412"]
[WhiteFideId "4122488"]
[BlackFideId "24105660"]
[EventDate "2017.10.02"]
[EventType "blitz"]

1. d4 Nf6 2. c4 g6 3. Nc3 Bg7 4. e4 d6 5. Nf3 O-O 6. Be2 Na6 7. O-O e5 8. Be3
Ng4 9. Bg5 f6 10. Bh4 Qe8 11. d5 f5 12. Ne1 Nf6 13. f3 Nc5 14. b4 Na6 15. Nd3
Bh6 16. Bf2 b6 17. a4 Nh5 18. c5 Nf4 19. Nxf4 exf4 20. cxd6 cxd6 21. a5 Nxb4 22.
axb6 Bg7 23. Rxa7 Rb8 24. Nb5 Be5 25. Qb1 fxe4 26. Qxb4 e3 27. Be1 Rxb6 28. Qa5
Qd8 29. Nc3 Bf5 30. Ne4 Bxe4 31. fxe4 Rb2 32. Bf3 Qxa5 33. Bxa5 e2 34. Re1 Bd4+
35. Kh1 Bxa7 36. Bc7 Bc5 37. h4 Rc8 38. Ba5 Ra8 39. Bc3 Rc2 40. Bf6 Raa2 41. e5
dxe5 42. d6 Bxd6 43. Bd5+ Kf8 44. Bxa2 Rxa2 45. Kg1 Bc5+ 46. Kh2 Bf2 0-1

[Event "ch-RUS Blitz 2017"]
[Site "Sochi RUS"]
[Date "2017.10.02"]
[Round "9.26"]
[White "Kryakvin, Dmitry"]
[Black "Selin, Vladimir"]
[Result "0-1"]
[WhiteTitle "GM"]
[WhiteElo "2583"]
[BlackElo "2322"]
[WhiteFideId "4153278"]
[BlackFideId "4168321"]
[EventDate "2017.10.02"]
[EventType "blitz"]

1. d4 d5 2. c4 dxc4 3. e3 e5 4. Bxc4 Nc6 5. Nf3 e4 6. Nfd2 Qg5 7. g3 Nf6 8. Nc3
Qg6 9. Nd5 Nxd5 10. Bxd5 f5 11. a3 Bd6 12. b4 Ne7 13. Bc4 Bd7 14. Bb2 O-O-O 15.
Nb3 Kb8 16. Qe2 h5 17. h4 f4 18. exf4 Bg4 19. Qd2 Nf5 20. Be2 e3 21. fxe3 Nxg3
22. Rg1 Nxe2 23. Qxe2 Rhe8 24. Qf2 Qd3 25. Rg3 Qxb3 26. Kf1 Qd5 27. Kg1 Re4 28.
Rc1 Rde8 29. Qg2 Bxf4 30. exf4 Re1+ 0-1

[Event "ch-RUS Blitz 2017"]
[Site "Sochi RUS"]
[Date "2017.10.02"]
[Round "9.27"]
[White "Palchun, Grigory"]
[Black "Dzhumagaliev, Yan"]
[Result "0-1"]
[BlackTitle "FM"]
[WhiteElo "2441"]
[BlackElo "2400"]
[WhiteFideId "24147338"]
[BlackFideId "24100110"]
[EventDate "2017.10.02"]
[EventType "blitz"]

1. d4 Nf6 2. Bf4 c5 3. e3 Qb6 4. Nc3 cxd4 5. exd4 Nc6 6. d5 Nb4 7. a3 Na6 8. Rb1
d6 9. Nf3 g6 10. Bb5+ Bd7 11. Bxd7+ Nxd7 12. Be3 Qc7 13. Bd4 Nf6 14. Bxf6 exf6
15. O-O Be7 16. Re1 Kf8 17. Qe2 Re8 18. Nd4 Nc5 19. Qg4 f5 20. Qg3 a6 21. Re2
Bf6 22. Rxe8+ Kxe8 23. Qf4 h6 24. Re1+ Kf8 25. g4 Be5 26. Qe3 fxg4 27. f4 gxf3
28. Nxf3 Bf6 29. Ne4 Nxe4 30. Qxe4 Qb6+ 31. Kh1 Qxb2 32. Nh4 Bxh4 33. Qxh4 Kg7
34. Qe7 Qf6 35. Qxb7 h5 36. Qxa6 Qf3+ 37. Kg1 Qg4+ 38. Kh1 Qf3+ 39. Kg1 Qg4+ 40.
Kh1 Qh4 41. Qe2 Ra8 42. Qe3 Rxa3 43. Qxa3 Qxe1+ 44. Kg2 Qe4+ 45. Kf2 Qxc2+ 46.
Kg3 Qc7 47. Qb2+ Kh7 48. Qf6 Qd7 49. h3 Kg8 50. Qf4 Qe7 51. Kf3 Qe5 52. Qc4 Kg7
53. Kg2 g5 54. Qd3 f6 55. Qc4 Kg6 56. Qd3+ f5 57. Qb5 h4 58. Qb7 Qg3+ 59. Kf1
Qxh3+ 60. Ke2 Qg2+ 61. Kd3 Qe4+ 62. Kd2 Qf4+ 63. Ke2 Kh5 64. Qh7+ Kg4 65. Qb7 h3 0-1

[Event "ch-RUS Blitz 2017"]
[Site "Sochi RUS"]
[Date "2017.10.02"]
[Round "9.28"]
[White "Potapov, Pavel"]
[Black "Gabdushev, Ruslan"]
[Result "1-0"]
[WhiteTitle "GM"]
[BlackTitle "FM"]
[WhiteElo "2479"]
[BlackElo "2292"]
[WhiteFideId "4169786"]
[BlackFideId "4137833"]
[EventDate "2017.10.02"]
[EventType "blitz"]

1. e4 Nc6 2. Nf3 d6 3. Nc3 Nf6 4. d4 Bg4 5. Be3 e6 6. Be2 d5 7. exd5 exd5 8. O-O
Be7 9. h3 Bf5 10. Bb5 O-O 11. Bxc6 bxc6 12. Ne5 Bd7 13. Re1 Rb8 14. b3 Bb4 15.
Bd2 h6 16. Na4 Bd6 17. Nc5 Bxc5 18. dxc5 Ne4 19. Be3 f6 20. Nd3 Re8 21. Bd4 Bf5
22. Qf3 Qd7 23. Rad1 a5 24. Nf4 Ng5 25. Qc3 a4 26. f3 axb3 27. cxb3 Ra8 28. a4
Ne6 29. Nxe6 Bxe6 30. Re3 Bf5 31. Rde1 Rxe3 32. Qxe3 Kf7 33. Kf2 Rb8 34. Re2 Rb4
35. g4 Bg6 36. Qc3 Rb8 37. b4 Ra8 38. a5 Qc8 39. Qe3 Qd7 40. Bc3 Kf8 41. Qf4 Bd3
42. Re3 Bc4 43. Bxf6 Qf7 44. Be5 Qxf4 45. Bxf4 Rb8 46. Bxc7 Rxb4 47. Bd6+ Kf7
48. Re7+ Kf6 49. h4 Ra4 50. Rc7 Rxa5 51. Rxc6 Kf7 52. Rc7+ Kf6 53. f4 d4 54.
Be5+ Ke6 55. Bxd4 Kd5 56. Bxg7 Ke4 57. Re7+ Kxf4 58. Bxh6+ Kxg4 59. Re4+ Kh5 60.
Rxc4 Kxh6 61. c6 Ra8 62. c7 Rc8 63. Ke3 Kg6 64. Kd4 Kf6 65. Kd5 Ke7 66. Ke4 1-0

[Event "ch-RUS Blitz 2017"]
[Site "Sochi RUS"]
[Date "2017.10.02"]
[Round "10.1"]
[White "Andreikin, Dmitry"]
[Black "Artemiev, Vladislav"]
[Result "1-0"]
[WhiteTitle "GM"]
[BlackTitle "GM"]
[WhiteElo "2708"]
[BlackElo "2692"]
[WhiteFideId "4158814"]
[BlackFideId "24101605"]
[EventDate "2017.10.02"]
[EventType "blitz"]

1. e4 c5 2. b3 d6 3. Nf3 Nc6 4. Bb5 Bd7 5. O-O Nf6 6. d3 g6 7. Bb2 Bg7 8. Nbd2
O-O 9. a4 e5 10. Nc4 a6 11. Bxc6 Bxc6 12. a5 Nh5 13. Nb6 Rb8 14. c4 f5 15. Nd5
Qd7 16. Nd2 fxe4 17. dxe4 Nf4 18. Nxf4 Rxf4 19. f3 g5 20. g3 Rf6 21. g4 h5 22.
h3 Rh6 23. Kg2 Kf7 24. Rh1 Rbh8 25. Qe2 Ke8 26. Rag1 Rf8 27. Qe3 Rf4 28. Rf1 Bf6
29. Bc1 Bd8 30. Qe2 Bxa5 31. Nb1 Rf7 32. Bxg5 Rg6 33. Bd2 Bd8 34. Nc3 Qe6 35.
Nd5 Kd7 36. Ne3 Rfg7 37. Nf5 hxg4 38. fxg4 Rh7 39. Rf3 Kc7 40. Rhf1 Qg8 41. Rg3
Bh4 42. Rd3 Bd8 43. Be1 Qe6 44. Rxd6 Qg8 45. Rxg6 Qxg6 46. Bg3 Bf6 47. Qd3 Rd7
48. Qe2 Bg5 49. Bxe5+ Kb6 50. Bf4 Bxf4 51. Rxf4 Qf6 52. Rf2 Qc3 53. Ng3 Qxb3 54.
Qb2 Qxb2 55. Rxb2+ Ka5 56. g5 b5 57. h4 Rg7 58. Kf3 Ka4 59. Ra2+ Kb3 60. Rxa6
Bb7 61. cxb5 Bxa6 62. bxa6 c4 63. Ne2 c3 64. Kf4 Rf7+ 65. Ke5 Re7+ 66. Kf6 Rxe4
67. Nxc3 Kxc3 68. h5 Rf4+ 69. Kg6 Ra4 70. h6 Rxa6+ 71. Kh5 Ra1 72. g6 Rh1+ 73.
Kg5 Kd4 74. g7 Ke5 75. Kg6 Rg1+ 76. Kh7 1-0

[Event "ch-RUS Blitz 2017"]
[Site "Sochi RUS"]
[Date "2017.10.02"]
[Round "10.2"]
[White "Khismatullin, Denis"]
[Black "Demidov, Mikhail"]
[Result "1-0"]
[WhiteTitle "GM"]
[BlackTitle "IM"]
[WhiteElo "2628"]
[BlackElo "2521"]
[WhiteFideId "4142578"]
[BlackFideId "4197143"]
[EventDate "2017.10.02"]
[EventType "blitz"]

1. Nf3 Nf6 2. c4 c6 3. e3 d5 4. Nc3 e6 5. b3 Bd6 6. Bb2 O-O 7. Be2 b6 8. Qc2 Bb7
9. Rg1 c5 10. g4 Nbd7 11. g5 Ne4 12. cxd5 exd5 13. Nxe4 dxe4 14. Qc3 f6 15. gxf6
Nxf6 16. Ng5 Qe7 17. Bc4+ Bd5 18. Nxh7 Kxh7 19. Bxd5 Rae8 20. Rg5 Kh6 21. h4 c4
22. bxc4 Bb4 23. Qc2 Rc8 24. Ke2 Nxd5 25. Bxg7+ Kh7 26. Bxf8 Rxf8 27. cxd5 Rf7
28. Rag1 1-0

[Event "ch-RUS Blitz 2017"]
[Site "Sochi RUS"]
[Date "2017.10.02"]
[Round "10.3"]
[White "Savchenko, Boris"]
[Black "Tsydypov, Zhamsaran"]
[Result "1-0"]
[WhiteTitle "GM"]
[BlackTitle "IM"]
[WhiteElo "2581"]
[BlackElo "2529"]
[WhiteFideId "4147332"]
[BlackFideId "4108566"]
[EventDate "2017.10.02"]
[EventType "blitz"]

1. e4 e5 2. Nf3 Nc6 3. Bc4 Bc5 4. c3 Nf6 5. d3 d6 6. Bb3 O-O 7. Nbd2 a6 8. h3
Be6 9. Qe2 Nh5 10. g3 Ba7 11. Nf1 Bxb3 12. axb3 f5 13. exf5 Rxf5 14. Nh4 Rxf2
15. Qxh5 Qd7 16. Qg4 Qf7 17. Be3 Rxb2 18. Bxa7 Nxa7 19. Nd2 Kh8 20. Rf1 Qg8 21.
O-O-O Ra2 22. Kb1 Ra5 23. Qd7 Nb5 24. Kb2 Rd8 25. Qf7 d5 26. Qxg8+ Kxg8 27. Nf5
g6 28. Ne7+ Kg7 29. b4 Ra4 30. Nb3 b6 31. Nc6 Re8 32. Rfe1 e4 33. dxe4 dxe4 34.
Rd7+ Kh6 35. Nd2 Nd6 36. Re3 a5 37. Rxc7 axb4 38. Nxb4 Ra5 39. Rc6 Re6 40. g4
Ra8 41. Rxb6 Rf8 42. Kb3 Rf2 43. Rxd6 Rxd6 44. g5+ Kg7 45. Nxe4 Re6 46. Nxf2
Rxe3 47. Nbd3 Kf7 48. c4 Ke6 49. Kc3 Rg3 50. h4 Kf5 51. Kd4 Rg2 52. c5 Rh2 53.
c6 Rxh4+ 54. Kd5 Ra4 55. c7 Ra8 56. Ne4 Rh8 57. Ndc5 Kg4 58. Ne6 Kh5 59. Nd8 1-0

[Event "ch-RUS Blitz 2017"]
[Site "Sochi RUS"]
[Date "2017.10.02"]
[Round "10.4"]
[White "Morozevich, Alexander"]
[Black "Zvjaginsev, Vadim"]
[Result "1/2-1/2"]
[WhiteTitle "GM"]
[BlackTitle "GM"]
[WhiteElo "2676"]
[BlackElo "2643"]
[WhiteFideId "4116992"]
[BlackFideId "4113403"]
[EventDate "2017.10.02"]
[EventType "blitz"]

1. e4 d6 2. d4 Nf6 3. Nc3 g6 4. Be3 a6 5. f3 b5 6. Qd2 Nbd7 7. O-O-O Nb6 8. g4
h5 9. g5 Nfd7 10. e5 Bg7 11. e6 fxe6 12. Bd3 Nf8 13. Nge2 Nc4 14. Bxc4 bxc4 15.
d5 e5 16. f4 h4 17. Rhf1 Bh3 18. Rf2 Nd7 19. fxe5 Nxe5 20. Nf4 Qd7 21. Bd4 O-O
22. Bxe5 dxe5 23. Nxg6 Rxf2 24. Qxf2 Qd6 25. Nxh4 Rf8 26. Qg3 Bc8 27. Ne4 Qb6
28. Re1 Rf4 29. Nf3 Bf5 30. Nfd2 Qd4 31. Qe3 Qxe3 32. Rxe3 Rh4 33. h3 Kh7 34.
Nf2 Kg6 35. Nde4 Rf4 36. Kd1 Kh5 37. Ke2 Kh4 38. b3 cxb3 39. axb3 e6 40. d6 cxd6
41. Nxd6 Bxc2 42. Rc3 Bf5 43. Rc7 Bf8 44. Nxf5+ exf5 45. g6 Rb4 46. Rf7 Rb8 47.
Rxf5 Bh6 48. Rxe5 Rxb3 49. Re7 Rb2+ 50. Kf1 Rb1+ 51. Kg2 Rb3 52. Rh7 1/2-1/2

[Event "ch-RUS Blitz 2017"]
[Site "Sochi RUS"]
[Date "2017.10.02"]
[Round "10.5"]
[White "Grachev, Boris"]
[Black "Fedoseev, Vladimir3"]
[Result "1/2-1/2"]
[WhiteTitle "GM"]
[BlackTitle "GM"]
[WhiteElo "2654"]
[BlackElo "2731"]
[WhiteFideId "4129199"]
[BlackFideId "24130737"]
[EventDate "2017.10.02"]
[EventType "blitz"]

1. d4 g6 2. Bf4 d6 3. e3 Bg7 4. Nf3 Nd7 5. h3 e5 6. Bh2 Ne7 7. Be2 O-O 8. O-O b6
9. c4 Bb7 10. Nc3 h6 11. Rc1 g5 12. b4 Ng6 13. dxe5 dxe5 14. Qc2 a5 15. a3 axb4
16. axb4 c5 17. bxc5 Nxc5 18. Rfd1 Qf6 19. Nd5 Qd6 20. Rb1 Bxd5 21. Rxd5 Qe6 22.
Rbd1 Qe8 23. Rd6 Na4 24. Bd3 Qe7 25. Bxg6 fxg6 26. Rd7 Qe8 27. Bxe5 Bxe5 28.
Nxe5 Nc5 29. R7d5 Kg7 30. Nd7 Nxd7 31. Rxd7+ Rf7 32. Qb2+ Kh7 33. R7d6 Rc8 34.
Qd4 Qa4 35. Qxb6 Rxc4 36. Rf1 Qc2 37. Qa6 Rcc7 38. Qb5 Qf5 39. Rd5 Qf6 40. Qd3
Rc3 41. Qd4 Qxd4 42. Rxd4 Rc2 43. g4 Re2 44. Kg2 Kg7 45. Rd6 Kh7 46. Kg3 Rxe3+
47. fxe3 Rxf1 48. Rd7+ Kg8 49. Kg2 Rf8 50. Re7 Rf6 51. e4 Ra6 52. e5 Kf8 53. Rb7
Ra2+ 54. Kg3 Ra3+ 55. Kg2 Re3 56. Rb5 1/2-1/2

[Event "ch-RUS Blitz 2017"]
[Site "Sochi RUS"]
[Date "2017.10.02"]
[Round "10.6"]
[White "Dubov, Daniil"]
[Black "Alekseenko, Kirill"]
[Result "0-1"]
[WhiteTitle "GM"]
[BlackTitle "GM"]
[WhiteElo "2666"]
[BlackElo "2563"]
[WhiteFideId "24126055"]
[BlackFideId "4135539"]
[EventDate "2017.10.02"]
[EventType "blitz"]

1. c4 e5 2. Nc3 d6 3. Nf3 f5 4. d4 e4 5. Ng5 Be7 6. Nh3 Nf6 7. Bg5 O-O 8. e3 c5
9. d5 Na6 10. Nf4 Nc7 11. h4 Ng4 12. Bxe7 Qxe7 13. Be2 Ne5 14. Qd2 Bd7 15. f3
exf3 16. gxf3 a6 17. Kf2 b5 18. Rag1 bxc4 19. Nh5 Rf7 20. Rg5 Kh8 21. Rhg1 Rg8
22. Nf4 Ne8 23. Kf1 Nf6 24. Qe1 Rb8 25. Qd2 Bc8 26. h5 Qb7 27. Nd1 Qb4 28. Qc2
Bd7 29. Ne6 Bxe6 30. dxe6 Re7 31. Qxf5 Rf8 32. f4 h6 33. Rxg7 Rxg7 34. Rxg7 Kxg7
35. e7 Rf7 36. fxe5 Ne8 0-1

[Event "ch-RUS Blitz 2017"]
[Site "Sochi RUS"]
[Date "2017.10.02"]
[Round "10.7"]
[White "Bocharov, Dmitry"]
[Black "Moskalenko, Alexander"]
[Result "0-1"]
[WhiteTitle "GM"]
[BlackTitle "IM"]
[WhiteElo "2585"]
[BlackElo "2531"]
[WhiteFideId "4138716"]
[BlackFideId "4155351"]
[EventDate "2017.10.02"]
[EventType "blitz"]

1. d4 g6 2. c4 Bg7 3. e4 d6 4. Nc3 Nf6 5. f3 O-O 6. Be3 Nbd7 7. Nge2 a6 8. Qd2
c5 9. Rd1 cxd4 10. Nxd4 Ne5 11. Be2 Bd7 12. O-O Re8 13. Kh1 Rc8 14. b3 Qa5 15.
Rc1 Nc6 16. Rfd1 Nxd4 17. Bxd4 Bc6 18. Qb2 Qg5 19. Rc2 h5 20. Qc1 Qa5 21. Nd5
Bxd5 22. cxd5 Rxc2 23. Qxc2 h4 24. f4 h3 25. gxh3 Nxd5 26. Bxg7 Ne3 27. Qc3 Qxc3
28. Bxc3 Nxd1 29. Bxd1 e5 30. fxe5 dxe5 31. Be2 Kg7 32. a4 f5 33. Kg2 Kf6 34.
Bc4 Rc8 35. a5 fxe4 36. Kf2 Kf5 37. Bd2 Rd8 38. Ke2 Rh8 39. Bd5 Rxh3 40. Bxb7
Rxh2+ 41. Kd1 Rh3 42. b4 Ra3 43. Bc8+ Kf6 44. Bxa6 e3 45. Be1 Kf5 46. Bb7 Kf4
47. a6 Ra1+ 48. Ke2 e4 49. b5 Ra2+ 50. Kd1 e2+ 51. Kc1 Ke3 52. Kb1 Rd2 53. a7
Rd1+ 54. Kc2 Rxe1 55. a8=Q Rc1+ 56. Kxc1 e1=Q+ 57. Kc2 Qe2+ 58. Kc3 Qxb5 59.
Qa7+ Kf3 60. Ba6 Qe5+ 61. Kb3 e3 62. Qf7+ Qf5 63. Qb7+ Kf2 64. Qb6 g5 65. Kc3 g4
66. Bd3 Qe5+ 67. Kc2 Qf4 68. Qb1 Qc7+ 69. Kb2 Qb6+ 70. Kc3 Qxb1 0-1

[Event "ch-RUS Blitz 2017"]
[Site "Sochi RUS"]
[Date "2017.10.02"]
[Round "10.8"]
[White "Kezin, Roman"]
[Black "Alekseev, Evgeny"]
[Result "1/2-1/2"]
[WhiteTitle "FM"]
[BlackTitle "GM"]
[WhiteElo "2455"]
[BlackElo "2622"]
[WhiteFideId "24124621"]
[BlackFideId "4138147"]
[EventDate "2017.10.02"]
[EventType "blitz"]

1. d4 Nf6 2. c4 e6 3. g3 c5 4. d5 exd5 5. cxd5 d6 6. Nc3 g6 7. Bg2 Bg7 8. Nf3
O-O 9. O-O Nbd7 10. a4 Ng4 11. Bg5 f6 12. Bf4 Nde5 13. Nxe5 Nxe5 14. Bxe5 fxe5
15. Qb3 Rb8 16. Ne4 Kh8 17. Rfc1 Qe7 18. Qc3 Bf5 19. b4 b6 20. Rab1 g5 21. Rb2
g4 22. e3 Rbd8 23. bxc5 bxc5 24. Rcb1 Rd7 25. Qa5 Qf7 26. Rb8 Qg6 27. Rxf8+ Bxf8
28. Rb8 Bxe4 29. Rxf8+ Kg7 30. Rd8 Rxd8 31. Qxd8 Bxg2 32. Kxg2 Qe4+ 33. Kg1 Qb1+
34. Kg2 Qe4+ 35. Kg1 1/2-1/2

[Event "ch-RUS Blitz 2017"]
[Site "Sochi RUS"]
[Date "2017.10.02"]
[Round "10.9"]
[White "Triapishko, Alexandr"]
[Black "Jakovenko, Dmitry"]
[Result "1/2-1/2"]
[WhiteTitle "IM"]
[BlackTitle "GM"]
[WhiteElo "2500"]
[BlackElo "2710"]
[WhiteFideId "14122286"]
[BlackFideId "4122356"]
[EventDate "2017.10.02"]
[EventType "blitz"]

1. d4 Nf6 2. Nc3 d5 3. Bf4 e6 4. Nb5 Na6 5. e3 c6 6. Nc3 Nc7 7. Nf3 Bd6 8. Bd3
b6 9. Ne5 Bb7 10. g4 Qe7 11. Qf3 Nd7 12. Nxd7 Qxd7 13. g5 c5 14. Bxd6 Qxd6 15.
Qg3 Rd8 16. Qxd6 Rxd6 17. Nb5 Nxb5 18. Bxb5+ Ke7 19. c3 h6 20. g6 f5 21. h4 f4
22. h5 Rf8 23. Ke2 Rdd8 24. Rh4 fxe3 25. fxe3 Rf6 26. Rf1 Rxf1 27. Kxf1 Rf8+ 28.
Ke2 cxd4 29. cxd4 Bc8 30. Rf4 Rxf4 31. exf4 Bd7 32. Bd3 Kf6 33. Ke3 a5 34. b3 b5
35. a3 b4 36. axb4 axb4 37. Bf1 Bc6 38. Bd3 Bb7 39. Bf1 1/2-1/2

[Event "ch-RUS Blitz 2017"]
[Site "Sochi RUS"]
[Date "2017.10.02"]
[Round "10.10"]
[White "Tomashevsky, Evgeny"]
[Black "Gogolev, Artem"]
[Result "1-0"]
[WhiteTitle "GM"]
[WhiteElo "2710"]
[BlackElo "2408"]
[WhiteFideId "4147235"]
[BlackFideId "4116615"]
[EventDate "2017.10.02"]
[EventType "blitz"]

1. c4 Nf6 2. Nc3 e6 3. Nf3 d5 4. d4 Bb4 5. cxd5 exd5 6. Bg5 O-O 7. e3 Nbd7 8.
Bd3 c5 9. O-O c4 10. Bc2 Bxc3 11. bxc3 Re8 12. Nd2 Qa5 13. Qc1 Ne4 14. Bxe4 dxe4
15. Bf4 Nb6 16. Bc7 Qd5 17. a4 Bg4 18. Re1 Nd7 19. Qb2 b6 20. Qb5 Be6 21. Reb1
Rac8 22. Bg3 Nf6 23. Be5 Nd7 24. Bg3 Nf6 25. Bh4 Nd7 26. h3 h6 27. Qa6 Rc7 28.
Bg3 Qb7 29. Qxb7 Rxb7 30. Nxe4 Bf5 31. Nd6 Bxb1 32. Nxe8 Bd3 33. Nd6 Rc7 34. e4
Nf6 35. f3 a6 36. Kf2 g5 37. Ke3 h5 38. Be5 Nd7 39. Nxf7 Rc6 40. Nxg5 Nxe5 41.
dxe5 h4 42. f4 1-0

[Event "ch-RUS Blitz 2017"]
[Site "Sochi RUS"]
[Date "2017.10.02"]
[Round "10.11"]
[White "Usmanov, Vasily"]
[Black "Inarkiev, Ernesto"]
[Result "1-0"]
[WhiteTitle "IM"]
[BlackTitle "GM"]
[WhiteElo "2459"]
[BlackElo "2694"]
[WhiteFideId "4135741"]
[BlackFideId "4162722"]
[EventDate "2017.10.02"]
[EventType "blitz"]

1. d4 Nf6 2. c4 e6 3. Nc3 Bb4 4. e3 O-O 5. Ne2 d5 6. a3 Be7 7. Ng3 c5 8. cxd5
Nxd5 9. Nxd5 Qxd5 10. e4 Qd8 11. Be3 Qb6 12. Qd2 Rd8 13. dxc5 Rxd2 14. cxb6 Rxb2
15. bxa7 Nc6 16. Bc4 Nxa7 17. Bd4 Rc2 18. Bd3 Rc7 19. Ke2 Nc6 20. Bb6 Rd7 21. a4
Bf6 22. Ra3 Be7 23. Raa1 Bf6 24. Ra3 Be7 25. Raa1 Bf6 26. Ra3 Be7 27. Raa1 Bf6
28. Ra3 Be7 29. Raa1 Bf6 30. Ra3 Be7 31. Raa1 Bf6 32. Ra3 Be7 33. Raa1 Bf6 34.
Ra3 Bb2 35. Ra2 Bc3 36. Bb5 Nd4+ 37. Bxd4 Rxd4 38. Rc1 Ba5 39. Rac2 Rd8 40. e5
h6 41. Ne4 Bd7 42. Bxd7 Rxd7 43. Rc8+ Rxc8 44. Rxc8+ Kh7 45. Nd6 Bb4 46. Nc4 f6
47. g3 Kg6 48. h4 Kf5 49. exf6 gxf6 50. Rh8 Kg6 51. Rg8+ Kf7 52. Rh8 Kg7 53. Rb8
Rc7 54. Kd3 Kf7 55. h5 Rd7+ 56. Kc2 Bc5 57. f3 Rc7 58. Kb3 Rd7 59. Kc2 Rc7 60.
g4 Ba7 61. Rxb7 Rxb7 62. Nd6+ Ke7 63. Nxb7 f5 64. Kd3 Kf6 65. a5 Kg5 66. gxf5
exf5 67. Nd8 Kxh5 68. Nc6 Bc5 69. Kc4 Be3 70. a6 Bb6 71. Kb5 Be3 72. Ne7 Kg5 73.
Nd5 Ba7 74. Kc6 h5 75. Kb7 Bd4 76. Nb6 h4 77. a7 h3 78. a8=Q Kf4 79. Qb8+ Kxf3
80. Qh2 Kg4 81. Nd5 1-0